| 000 | 00987nmc a2200337 a 4500 | ||
|---|---|---|---|
| 003 | AR-BaBNM | ||
| 005 | 20251128204907.0 | ||
| 008 | 306019s1988 ||||||||||||||000 | spa|| | ||
| 020 | _a84-277-0828-9 | ||
| 040 | _cAR-BaBNM | ||
| 100 | 1 | _aRezsohazy, Rudolf | |
| 245 | 1 | 0 |
_aEl desarrollo comunitario _bparticipar, programar, innovar |
| 260 |
_aMadrid _bNarcea _c1988 |
||
| 300 | 0 |
_a231 p. _bdiagr. |
|
| 490 | 0 | _aNarcea sociocultural | |
| 500 | 0 | _aIndice de temas: p. 229-231 | |
| 650 | 4 | _aDESARROLLO DE LA COMUNIDAD | |
| 650 | 4 | _aEDUCACION COMUNITARIA | |
| 650 | 4 | _aPARTICIPACION DE LA COMUNIDAD | |
| 650 | 4 | _aLIDERAZGO | |
| 650 | 4 | _aINVESTIGACION Y DESARROLLO | |
| 650 | 4 | _aDESIGUALDAD CULTURAL | |
| 650 | 4 | _aPLANIFICACION | |
| 650 | 4 | _aINNOVACIONES | |
| 651 | 4 | _aEspaña | |
| 700 | 1 |
_aSolana, Guillermo _etraductor |
|
| 700 | 1 |
_aQuintana Cabanas, José María _eprologuista |
|
| 800 | 1 |
_aQuintana Cabanas, José María _edirector |
|
| 942 | _cBK | ||
| 998 | _csilvi | ||
| 999 |
_c9231 _d9231 |
||